Sakarya basın tarihi, 1919-2004 / (Record no. 200421747)
[ view plain ]
| 000 -LEADER | |
|---|---|
| fixed length control field | 01144 a2200337 4500 |
| 001 - CONTROL NUMBER | |
| control field | 200421747 |
| 003 - CONTROL NUMBER IDENTIFIER | |
| control field | TR-AnTOB |
| 005 - DATE AND TIME OF LATEST TRANSACTION | |
| control field | 20241010155235.0 |
| 008 - FIXED-LENGTH DATA ELEMENTS--GENERAL INFORMATION | |
| fixed length control field | 150406b tu 000 0 |
| 040 ## - CATALOGING SOURCE | |
| Original cataloging agency | TR-AnTOB |
| Language of cataloging | tur |
| Description conventions | rda |
| 041 0# - LANGUAGE CODE | |
| Language code of text/sound track or separate title | Türkçe |
| 050 00 - LIBRARY OF CONGRESS CALL NUMBER | |
| Classification number | PN5355.T9 |
| Item number | S26 2005 |
| 090 ## - LOCALLY ASSIGNED LC-TYPE CALL NUMBER (OCLC); LOCAL CALL NUMBER (RLIN) | |
| Classification number (OCLC) (R) ; Classification number, CALL (RLIN) (NR) | PN5355.T9 S26 2005 |
| 100 1# - MAIN ENTRY--PERSONAL NAME | |
| Personal name | Şahin, Enis |
| 9 (RLIN) | 39176 |
| 245 10 - TITLE STATEMENT | |
| Title | Sakarya basın tarihi, 1919-2004 / |
| Statement of responsibility, etc. | Enis Şahin. |
| 264 ## - PRODUCTION, PUBLICATION, DISTRIBUTION, MANUFACTURE, AND COPYRIGHT NOTICE | |
| Place of production, publication, distribution, manufacture | Sakarya: |
| Name of producer, publisher, distributor, manufacturer | Sakarya Gazeteciler Cemiyeti, |
| Date of production, publication, distribution, manufacture, or copyright notice | 2005. |
| 300 ## - PHYSICAL DESCRIPTION | |
| Extent | 126 sayfa |
| Other physical details | ill. ; |
| Dimensions | 28 cm. |
| 336 ## - CONTENT TYPE | |
| Content type term | text |
| Source | rdacontent |
| 337 ## - MEDIA TYPE | |
| Media type term | unmediated |
| Source | rdamedia |
| 338 ## - CARRIER TYPE | |
| Carrier type term | volume |
| Source | rdacarrier |
| 504 ## - BIBLIOGRAPHY, ETC. NOTE | |
| Bibliography, etc. note | |
| 650 00 - SUBJECT ADDED ENTRY--TOPICAL TERM | |
| Topical term or geographic name entry element | Basın |
| Geographic subdivision | Türkiye |
| -- | Sakarya |
| General subdivision | Tarih |
| 9 (RLIN) | 105424 |
| Topical term or geographic name entry element | Press |
| Geographic subdivision | Turkey |
| -- | Sakarya |
| General subdivision | History |
| 9 (RLIN) | 105425 |
| Topical term or geographic name entry element | Türk gazeteleri |
| Geographic subdivision | Türkiye |
| -- | Sakarya |
| General subdivision | Tarih |
| 9 (RLIN) | 105426 |
| Topical term or geographic name entry element | Turkish newspapers |
| Geographic subdivision | Turkey |
| -- | Sakarya |
| General subdivision | History |
| 9 (RLIN) | 105427 |
| Topical term or geographic name entry element | Turkish periodicals |
| Geographic subdivision | Turkey |
| -- | Sakarya |
| General subdivision | History |
| 9 (RLIN) | 105428 |
| 651 00 - SUBJECT ADDED ENTRY--GEOGRAPHIC NAME | |
| Geographic name | Sakarya İli (Türkiye) |
| General subdivision | Tarih |
| 9 (RLIN) | 105429 |
| Geographic name | Sakarya İli (Turkey) |
| General subdivision | History |
| 9 (RLIN) | 105430 |
| 942 ## - ADDED ENTRY ELEMENTS (KOHA) | |
| Koha item type | Book |
| Withdrawn status | Lost status | Source of classification or shelving scheme | Not for loan | Collection code | Home library | Current library | Shelving location | Date acquired | Source of acquisition | Cost, normal purchase price | Serial Enumeration / chronology | Total Checkouts | Total Holds | Full call number | Barcode | Copy number | Cost, replacement price | Date shelved | Koha item type | Public note |
|---|---|---|---|---|---|---|---|---|---|---|---|---|---|---|---|---|---|---|---|---|
| Ödünç Verilebilir / Available | Genel Koleksiyon | Merkez Kütüphane | Merkez Kütüphane | Genel Koleksiyon / Main Collection | 06/04/2015 | Satın Alma / Purchase | 0.01 | 1 | PN5355.T9 S26 2005 | 0047032 | 1 | 0.01 | Book | TOBB |
